000 00750nam a22002297a 4500
999 _c170008
_d170008
005 20191210113936.0
010 _aENG-127043
020 _c989.00
_a9789389342673
035 _aEN-110575
037 _bDBAD/PUB
082 _a547
_29th
100 _aWade, Leroy G.
245 _aOrganic chemistry /
_cby Leroy G. Wade, Jan W.Simek [and] Maya Shankar Singh
260 _aNoida
_bPearson India Education
_c2020
270 _a15th Floor, Tower-B, World Trade Tower, Plot No.1, Block-C, Sector 16
_bNoida, Uttar Pradesh
_e201301
_k044-66540100
300 _a1572p.
_c27cm(pbk)
500 _aIncludes index
700 _aWade, Leroy G.
700 _aSimek, Jan W.
700 _aSingh, Maya Shankar
942 _2ddc
_cEN
_h547
_mWad